Mixed A+ Words Quiz Stats

Quiz Updated Apr 28, 2015

Challenge
Share
Tweet
Embed
Score 0/24 Timer 04:00
1 Play Today
% Correct
ALLYTALLY
90.3%
ALUMQUALM
79.7%
ARCHCHAIR
77%
ARCHROACH
67.9%
ARCHRANCH
67%
ALITPLAIT
66.2%
AMMOMOMMA
62.8%
ALLYALLEY
56.1%
ATOPTOPAZ
54.5%
AMMOCOMMA
54.1%
AVIDVALID
53.1%
AVIDAVOID
52.4%
% Correct
ALTOGLOAT
50.7%
AMMOMAMBO
50.4%
ALITVITAL
50.4%
ALUMALBUM
49.2%
ALTOLOATH
48.1%
ALUMMURAL
38.5%
AVIDDIVAN
38.2%
ATOPPATIO
30.7%
ALITTIDAL
28.5%
ATOPADOPT
22.4%
ALLYALKYL
8.5%
ALTOOCTAL
7.6%

You're not logged in!

Compare scores with friends on all Sporcle quizzes.
Sign Up with Email
OR
Log In

You Might Also Like...

Show Comments

Extras

Top Quizzes Today


Score Distribution

Your Account Isn't Verified!

In order to create a playlist on Sporcle, you need to verify the email address you used during registration. Go to your Sporcle Settings to finish the process.

Report this User

Report this user for behavior that violates our Community Guidelines.

Details: